Normal view
MARC view
Entry Personal Name
001 - CONTROL NUMBER
- control field: 85142
003 - CONTROL NUMBER IDENTIFIER
- control field: dpl
005 - DATE AND TIME OF LATEST TRANSACTION
- control field: 20250919124724.0
008 - FIXED-LENGTH DATA ELEMENTS
- fixed length control field: 250919|| aca||aabn | a|a d
040 ## - CATALOGING SOURCE
- Original cataloging agency: dpl
- Transcribing agency: dpl
100 ## - HEADING--PERSONAL NAME
- Personal name: बानो सरताज
670 ## - SOURCE DATA FOUND
- Source citation: Work cat.: (dpl)152932: बानो सरताज, झीलें-जल प्रपातः, 2022
